Name All Elden Ring NPC's That Have a Side Questline to Offer - Statistics

General Stats
  • This quiz has been taken 155 times
    101 since last reset
  • The average score is 18 of 31
Answer Stats
NPC % Correct
25 Ranni the Witch
93%
12 D,Hunter of the Dead
88%
1 White Mask Varre
84%
11 Fia
79%
6 Sellen
77%
5 Blaidd
72%
30 Dung-Eater
67%
9 Iron-Fist Alexander
67%
22 Rya/Zoraya
67%
18 Brother Corhyn/Goldmask
65%
2 Yura
65%
27 Millicent
63%
29 Tanith
63%
4 Boc
60%
15 Nepheli Loux
60%
3 Patches
60%
16 Kenneth Haight
58%
17 Sorcerer Rogier
58%
26 Preceptor Seluvis
56%
8 Roderika
53%
10 Knight Bernahl
51%
23 Blackgaurd Big Boggart
49%
7 Irina/Edgar
47%
28 Gowry
44%
20 Hyetta
44%
24 Jar Bairn
42%
31 Shabriri
42%
14 Diallos Hoslow
28%
13 Gurranq
28%
21 Latenna the Albinauric
28%
19 Thops
23%
No matching quizzes found
Score Distribution
Percent of People with Each Score
Percentile by Number Answered
Your Score History
You have not taken this quiz since the last reset